Southville International School and Colleges
Your cart is empty.
  • Cart
  • Lists
    Public lists Eva Luna New books Lux_list list_1
    Your lists Log in to create your own lists
  • Log in to your account
  • Your cookies
  • Search history
Southville International School and Colleges
  • Advanced search
  • Recent comments
  • Most popular
  • Libraries

Log in to your account

Log in with GOOGLE


If you do not have an external account, but do have a local account, you can still log in:

  1. Home
  2. MARC view: Power without responsibility :
Normal view MARC view ISBD view

Power without responsibility : (Record no. 20640)

[ view plain ]
MARC details
000 -LEADER
fixed length control field 00662nam a2200217 a 4500
005 - DATE AND TIME OF LATEST TRANSACTION
control field 20140310183243.0
008 - FIXED-LENGTH DATA ELEMENTS--GENERAL INFORMATION
fixed length control field 040824s19uu xx 00 eng d
020 ## - INTERNATIONAL STANDARD BOOK NUMBER
International Standard Book Number 0415243904
050 ## - LIBRARY OF CONGRESS CALL NUMBER
Classification number PN 5114
Item number .C84 2003
100 ## - MAIN ENTRY--PERSONAL NAME
Personal name Curran, James
245 ## - TITLE STATEMENT
Title Power without responsibility :
Remainder of title the press,broadcasting, and the new media in Britain /
Statement of responsibility, etc James Curran
250 ## - EDITION STATEMENT
Edition statement 6th ed.
260 ## - PUBLICATION, DISTRIBUTION, ETC. (IMPRINT)
Place of publication, distribution, etc London :
Name of publisher, distributor, etc Routledge Taylor & Francis Group,
Date of publication, distribution, etc 2003.
300 ## - PHYSICAL DESCRIPTION
Extent 459 p. :
Other physical details ill. ;
Dimensions 24 cm.
521 ## - TARGET AUDIENCE NOTE
Target audience note
650 ## - SUBJECT ADDED ENTRY--TOPICAL TERM
Topical term or geographic name as entry element Press
General subdivision Great Britain.
650 ## - SUBJECT ADDED ENTRY--TOPICAL TERM
Topical term or geographic name as entry element Broadcasting
General subdivision Great Britain.
700 ## - ADDED ENTRY--PERSONAL NAME
Personal name Seaton, Jean
942 ## - ADDED ENTRY ELEMENTS (KOHA)
Koha item type Books
Source of classification or shelving scheme Library of Congress Classification
Call number prefix Foreign
Holdings
Withdrawn status Lost status Source of classification or shelving scheme Damaged status Home library Current library Shelving location Date acquired Source of acquisition Cost, normal purchase price Total Checkouts Full call number Barcode Date last seen Copy number Price effective from Koha item type
    Library of Congress Classification   College Library College Library General Circulation Section 08/24/2004   2412.00   PN 5114 .C84 2003 C5083 05/15/2018 1 10/10/2013 Books

Power without responsibility :

APA

Curran J., Seaton J., . (2003). Power without responsibility. London: Routledge Taylor & Francis Group.

Chicago

Curran James, Seaton Jean, . 2003. Power without responsibility. London: Routledge Taylor & Francis Group.

Harvard

Curran J., Seaton J., . (2003). Power without responsibility. London: Routledge Taylor & Francis Group.

MLA

Curran James, Seaton Jean, . Power without responsibility. London: Routledge Taylor & Francis Group. 2003.

  • Place hold
  • Print
  • Cite
  • Add to your cart (remove)
  • Save record
    BIBTEX Dublin Core MARCXML MARC (non-Unicode/MARC-8) MARC (Unicode/UTF-8) MARC (Unicode/UTF-8, Standard) MODS (XML) RIS
  • More searches
    Search for this title in:
    Other Libraries (WorldCat) Other Databases (Google Scholar) Online Stores (Bookfinder.com) Open Library (openlibrary.org)

Exporting to Dublin Core...

SOUTHVILLE LIBRARY

Southville International School and Colleges Library

1281 Tropical Ave. Cor. Luxembourg St., BF Homes International, Las Pinas City

Tel. No. 8256374 / 252358 Loc. 117/146

Powered by Koha